| 000 | 00781nam a22002295a 4500 | ||
|---|---|---|---|
| 008 | 150830s2015 ii dk frb 001 0 eng d | ||
| 020 | _a9788122436945 | ||
| 040 |
_aEG-ScBUE _beng _cEG-ScBUE _dEG-ScBUE |
||
| 082 | 0 | 4 |
_a621.56 _bPRA _222 |
| 100 | 1 |
_aPrasad, Manohar. _938963 |
|
| 245 | 1 | 0 |
_aRefrigeration and air conditioning / _cManohar Prasad. |
| 250 | _33rd ed. | ||
| 260 |
_aNew Delhi : _bNew Age International (P) Limited, _c2015. |
||
| 300 |
_axix, 559 p. : _bcharts, forms ; _c24 cm. |
||
| 500 | _aIndex : p. 553-559. | ||
| 504 | _aIncludes bibliographical references. | ||
| 650 | 0 |
_aRefrigeration and refrigerating machinery. _2BUEsh _95821 |
|
| 650 | 7 |
_aAir conditioning. _2BUEsh _95822 |
|
| 651 | _2BUEsh | ||
| 653 |
_bENGGEN _cAugust2015 _cJanuary2016 |
||
| 942 | _2ddc | ||
| 999 |
_c20741 _d20713 |
||